000 02244nam a22003617a 4500
999 _c6585
_d6585
003 OSt
005 20260414094835.0
008 240305b ||||| |||| 00| 0 spa d
020 _a9789873048456
040 _cPJ-TDF
245 1 0 _aRevista de Derecho de Daños :
_bprevención del daño. Perspectivas procesales /
_cJorge Mosset Iturraspe ; Ricardo Luis Lorenzetti directores.
260 _aBuenos Aires :
_bRubinzal - Culzoni,
_c2024.
300 _a664 p.
_c22 cm.
310 _acuatrimestral
362 _aNo. 1 (2024)
505 _tLa función preventiva del derecho de daños y los instrumentos para la prevención del daño en el derecho uruguayo /
_rAndrés Mariño López.
505 _tPasado y presente de la implementación de la prevención del daño en el derecho privado argentino /
_rAída Kemelmajer.
505 _tPresupuestos sustanciales y requisitos de procedencia de la prevención del daño /
_rFernando Alfredo Sagarna.
505 _tLa problemática de la implementación de la suspensión preventiva de la ejecución del contrato /
_rSandra A. Frustagli y Julieta B. Trivisonno.
505 _tLa implementación de la prevención en favor de las personas consumidoras: experiencias y desafíos /
_rCarlos A. Hernández.
505 _tDerecho de las mujeres a vivir una vida digna. la prevención del daño - impuesto al tampón /
_rGraciela Medina.
505 _tHerramientas del derecho de sociedades para la prevención del daño /
_rJimena Márquez y Horacio Roitman.
505 _tSeguro y prevención del daño /
_rMiguel A. Piedecasas.
505 _tActivismo preventivo judicial, oralidad y sus límites /
_r Julieta B. Hauser y Federico A. Ossola.
505 _tPrevención del daño a través de las medidas cautelares /
_rAna Clara Pauletti.
505 _tTutela anticipada en la prevención y en la reparación de daños - recaudos para su despacho y diferencias con otras herramientas procesales /
_rAndrés Manuel Marfil.
505 _tMonitoreo de la ejecución de la sentencia preventiva de daños /
_rAndrea A. Mero.
650 0 _93331
_aDAÑO
700 _9528
_aMosset Iturraspe, Jorge
_edirector
700 _aLorenzetti, Ricardo Luis
_edirector
_9529
942 _2udc
_cPP